[Event "Randy "Beauregard"Bahr memorial tourname"]
[Site "SchemingMind.com"]
[Date "2023.02.07"]
[Round "-"]
[White "Robert Bruce"]
[Black "William Lindberg"]
[Result "0-1"]
[WhiteCountry "SCO"]
[BlackCountry "USA"]
[WhiteElo "2314"]
[WhiteRD "69"]
[BlackElo "2373"]
[BlackRD "65"]
[GameID "731046"]

1. e4 e5 2. f4 exf4 3. Nf3 g5 4. Nc3 Nc6 5. g3 g4 6. Nh4 Nd4 7. Nd5 f3 8. c3 Ne6 9. d4 h5 10. Qc2 c6
11. Nf4 d6 12. Bc4 Bh6 13. Bxe6 Bxe6 14. O-O Bg5 15. Qf2 Bd7 16. Re1 Bf6 17. e5 dxe5 18. dxe5 Bxh4 19. gxh4 Ne7 20. e6 fxe6
21. c4 Qc7 22. Bd2 b6 23. a4 a5 24. Nxe6 Bxe6 25. Rxe6 O-O-O 26. Bc3 Rhf8 27. Be5 Qb7 28. Bf6 Rf7 29. b4 axb4 30. a5 bxa5
31. Qc5 Qd7 32. Qxa5 f2+ 33. Kg2 Qxe6 34. Qa8+ Kd7 35. Rd1+ Qd5+ 36. Rxd5+ cxd5 37. Qa6 g3 38. hxg3 Nf5 39. Kxf2 Nd6 40. Qa4+ Ke6
41. Qa5 Rxf6+ 42. Kg2 Ke7 43. Qxd5 Rf5 44. Qd2 Ne4 45. Qe1 Rd4 46. Qxb4+ Ke6 47. Qb1 Rf2+ 48. Kh3 Rf3 49. Qc1 Rd2 50. Qg1 Rxg3+
51. Qxg3 Nxg3 52. Kxg3 Rd4 53. c5 Kf5 54. Kf3 Rxh4 55. Ke2 Ke4 56. Kd2 Kd5 57. c6 Rc4 58. Ke3 Rxc6 59. Kf4 Rg6 60. Kf5 Rg1
61. Kf4 h4 62. Ke3 h3 63. Kd3 h2 64. Kc2 Rg3 65. Kb2 h1=Q 66. Ka2 Qh2+ 67. Ka1 Rg1#
0-1

[Event "Randy "Beauregard"Bahr memorial tourname"]
[Site "SchemingMind.com"]
[Date "2023.02.07"]
[Round "-"]
[White "William Lindberg"]
[Black "Robert Bruce"]
[Result "1-0"]
[WhiteCountry "USA"]
[BlackCountry "SCO"]
[WhiteElo "2373"]
[WhiteRD "65"]
[BlackElo "2314"]
[BlackRD "69"]
[GameID "731047"]

1. c4 c5 2. Nf3 Nc6 3. Nc3 e5 4. g3 g6 5. d3 Bg7 6. Bg2 Nge7 7. Rb1 d6 8. Bd2 a6 9. h4 h6 10. O-O Rb8
11. Qc1 Be6 12. Nh2 b5 13. b3 b4 14. Nd5 Nxd5 15. cxd5 Nd4 16. Re1 Bd7 17. e3 Nb5 18. e4 h5 19. Nf3 a5 20. Bg5 f6
21. Be3 Na3 22. Rb2 a4 23. Qd1 Bg4 24. Qc1 O-O 25. Nh2 Ra8 26. Nxg4 hxg4 27. f3 f5 28. Bg5 Qd7 29. fxg4 f4 30. Bh3 Nb5
31. Rf1 fxg3 32. Be3 Rxf1+ 33. Qxf1 Rf8 34. Qe1 Nd4 35. Kg2 a3 36. Rd2 Nf3 37. Qe2 Nxh4+ 38. Kxg3 Rf3+ 39. Kh2 Bf6 40. Rd1 Qh7
41. Rb1 g5 42. Rf1 Rf4 43. Kg1 c4 44. bxc4 b3 45. axb3 Ng6 46. Bg2 Qd7 47. Ra1 Rxg4 48. Rxa3 Nf4 49. Ra8+ Kg7 50. Bxf4 exf4
51. Kf1 Bd4 52. Ke1 Bc3+ 53. Kf1 Bd4 54. Ke1 Kh6 55. e5 Bxe5 56. Be4 Rg1+ 57. Kd2 Qh3 58. Ra7 Bg7 59. Bf3 Be5 60. d4 Bxd4
61. Qe6+ Qxe6 62. dxe6 Be3+ 63. Kd3 Re1 64. Ra1 Bc1 65. Rxc1 Rxe6 66. Rh1+ Kg6 67. Be4+ Kf6 68. Rh6+ Ke7 69. Rxe6+ Kxe6 70. Bd5+ Kf6
71. Ke4 Ke7 72. b4 Kd8 73. Kf5 g4 74. Kxg4 f3 75. Bxf3 Kd7 76. Kf5 Ke7 77. Bc6 Kd8 78. Ke6 Kc7 79. b5 Kb6 80. Kxd6 Ka5
81. Kc5 Ka4 82. b6+ Kb3 83. Kd4 Kc2 84. b7 Kd1 85. b8=Q Kc2 86. Bf3 Kc1 87. Qb3 Kd2 88. Qd1#
1-0

[Event "Randy "Beauregard"Bahr memorial tourname"]
[Site "SchemingMind.com"]
[Date "2023.02.07"]
[Round "-"]
[White "The Chess Machine"]
[Black "Robert Bruce"]
[Result "1-0"]
[WhiteCountry "ENG"]
[BlackCountry "SCO"]
[WhiteElo "2504"]
[WhiteRD "81"]
[BlackElo "2314"]
[BlackRD "69"]
[GameID "731050"]

1. c4 c5 2. Nc3 g6 3. g3 Bg7 4. Bg2 Nc6 5. e4 e6 6. Nge2 Nge7 7. O-O O-O 8. d3 d6 9. Rb1 b6 10. a3 Bb7
11. b4 Qd7 12. b5 Nd4 13. Nxd4 cxd4 14. Na2 d5 15. cxd5 exd5 16. e5 Bxe5 17. Nb4 Rfe8 18. a4 h5 19. Re1 Bd6 20. Bg5 Qf5
21. h4 Rac8 22. Nc2 Be5 23. Re2 f6 24. Bc1 g5 25. hxg5 h4 26. gxf6 Ng6 27. a5 Rf8 28. a6 Ba8 29. Qd2 Bxf6 30. Ba3 h3
31. Bf1 Rf7 32. Bd6 Rd7 33. Bf4 Rg7 34. Kh2 Kf7 35. Rbe1 Nxf4 36. Qxf4 Qxf4 37. gxf4 Rg4 38. Bxh3 Rh4 39. Rg1 Rch8 40. Rg3 Rxf4
41. Kg2 Rfh4 42. Rf3 Rg8+ 43. Kf1 Rgh8 44. Re6 R8h6 45. Ke2 Kg7 46. Rd6 Rxh3 47. Rdxf6 Rxf6 48. Rxh3 Bc6 49. bxc6
1-0

[Event "Randy "Beauregard"Bahr memorial tourname"]
[Site "SchemingMind.com"]
[Date "2023.02.07"]
[Round "-"]
[White "Robert Bruce"]
[Black "The Chess Machine"]
[Result "1/2-1/2"]
[WhiteCountry "SCO"]
[BlackCountry "ENG"]
[WhiteElo "2322"]
[WhiteRD "69"]
[BlackElo "2496"]
[BlackRD "78"]
[GameID "731051"]

1. e4 c5 2. Nf3 d6 3. d4 cxd4 4. Qxd4 Nc6 5. Bb5 Bd7 6. Qd3 Nf6 7. c4 g6 8. Nc3 Bg7 9. O-O a6 10. Bxc6 Bxc6
11. Rd1 O-O 12. Nd4 Rc8 13. f3 Nd7 14. Qe2 Ne5 15. c5 Bd7 16. cxd6 exd6 17. Be3 Re8 18. Bf2 b5 19. Nd5 f5 20. exf5 Nc4
21. Ne6 Nxb2=
1/2-1/2

[Event "Randy "Beauregard"Bahr memorial tourname"]
[Site "SchemingMind.com"]
[Date "2023.02.07"]
[Round "-"]
[White "The Chess Machine"]
[Black "William Lindberg"]
[Result "1-0"]
[WhiteCountry "ENG"]
[BlackCountry "USA"]
[WhiteElo "2504"]
[WhiteRD "81"]
[BlackElo "2373"]
[BlackRD "65"]
[GameID "731052"]

1. c4 e5 2. Nc3 Nf6 3. g3 h6 4. Bg2 Bb4 5. e4 d6 6. Nge2 Nc6 7. h3 O-O 8. O-O Bc5 9. d3 a5 10. Kh2 Nd4
11. Nxd4 Bxd4 12. Ne2 Bb6 13. b3 Bd7 14. Bb2 Re8 15. Qc2 a4 16. b4 a3 17. Bc3 c5 18. b5 Kh7 19. Rae1 Bc8 20. Ba1 Ba5
21. Rb1 h5 22. f4 Kg8 23. Rf3 h4 24. Rbf1 Ra7 25. Qc1 b6 26. Rg1 hxg3+ 27. Nxg3 Kh7 28. Qe3 Ng8 29. fxe5 dxe5 30. Nf5 Bxf5
31. Rxf5 Qh4 32. Rxe5 Rxe5 33. Bxe5 Nh6 34. Bh1 f6 35. Ba1 Rf7 36. e5 fxe5 37. Be4+ Kh8 38. Bxe5 Bd2 39. Rxg7 Rxg7 40. Bxg7+ Kxg7
41. Qxd2 Ng4+ 42. Kg2 Nf6 43. Qf2 Qh5 44. Qf3 Qh6 45. Bf5 Kf8 46. Qf2 Qg5+ 47. Kf1 Nh5 48. h4 Qf6 49. d4 Kg7 50. dxc5 bxc5
51. Bb1 Qd6 52. Bc2 Nf6 53. Qe3 Kf7 54. Bf5 Kg7 55. Kg2 Kf8 56. Kh3 Kf7 57. Qg3 Ke7 58. Qxd6+ Kxd6 59. Bg4 Ne4 60. h5 Ke7
61. h6 Kf7 62. b6 Nd6 63. Bf5 Nxf5 64. h7 Kg7 65. b7 Kxh7 66. b8=Q Kg6 67. Qf8 Nh6 68. Qxc5
1-0

[Event "Randy "Beauregard"Bahr memorial tourname"]
[Site "SchemingMind.com"]
[Date "2023.02.07"]
[Round "-"]
[White "William Lindberg"]
[Black "The Chess Machine"]
[Result "1/2-1/2"]
[WhiteCountry "USA"]
[BlackCountry "ENG"]
[WhiteElo "2398"]
[WhiteRD "65"]
[BlackElo "2496"]
[BlackRD "78"]
[GameID "731053"]

1. e4 c5 2. Nf3 d6 3. Bb5+ Bd7 4. Bxd7+ Nxd7 5. O-O Ngf6 6. Qe2 e6 7. c3 Be7 8. d4 O-O 9. e5 Ne8 10. Rd1 cxd4
11. cxd4 Nc7 12. Nc3 Nb6 13. Ne4 dxe5 14. dxe5 Ncd5 15. Bg5 h6 16. Bxe7 Qxe7 17. g3 a6 18. Rac1 Rac8 19. Nd6 Rc7 20. Nd2 Rxc1
21. Rxc1 Nb4 22. N2e4 Nxa2 23. Rd1 Qc7 24. Ra1 Nb4 25. Nf6+ gxf6 26. exf6 Qc5 27. Qg4+ Qg5 28. Qxb4 Nd5 29. Qxb7 Qxf6 30. Rxa6 Qe5
31. Kg2 Qe2 32. Ra3 Qe5 33. Ra6=
1/2-1/2

[Event "Randy "Beauregard"Bahr memorial tourname"]
[Site "SchemingMind.com"]
[Date "2023.02.06"]
[Round "-"]
[White "The Chess Machine"]
[Black "Matthew Bailey"]
[Result "1/2-1/2"]
[WhiteCountry "ENG"]
[BlackCountry "ENG"]
[WhiteElo "2496"]
[WhiteRD "78"]
[BlackElo "2617"]
[BlackRD "70"]
[GameID "731058"]

1. c4 c5 2. Nf3 Nf6 3. Nc3 Nc6 4. d4 cxd4 5. Nxd4 e6 6. a3 Bc5 7. Nb3 Bb6 8. c5 Bc7 9. g3 O-O 10. Bg2 b6
11. O-O Be5 12. Qd3 Rb8 13. Rd1 bxc5 14. Nxc5 Qe7 15. N3a4 d5 16. Na6 Ra8 17. N6c5 Rb8 18. Na6 Ra8=
1/2-1/2

[Event "Randy "Beauregard"Bahr memorial tourname"]
[Site "SchemingMind.com"]
[Date "2023.02.07"]
[Round "-"]
[White "Matthew Bailey"]
[Black "The Chess Machine"]
[Result "1-0"]
[WhiteCountry "ENG"]
[BlackCountry "ENG"]
[WhiteElo "2617"]
[WhiteRD "70"]
[BlackElo "2496"]
[BlackRD "78"]
[GameID "731059"]

1. d4 Nf6 2. c4 g6 3. Nc3 d5 4. Nf3 Bg7 5. h3 O-O 6. cxd5 Nxd5 7. e4 Nxc3 8. bxc3 c5 9. Be2 cxd4 10. cxd4 Nc6
11. Be3 Qa5+ 12. Bd2 Qa3 13. d5 Ne5 14. O-O Nxf3+ 15. Bxf3 Bxa1 16. Qxa1 f6 17. Rb1 Rf7 18. e5 fxe5 19. Qxe5 Rxf3 20. gxf3 Qd6
21. Qg5 Bf5 22. Rxb7
1-0

[Event "Randy "Beauregard"Bahr memorial tourname"]
[Site "SchemingMind.com"]
[Date "2023.02.07"]
[Round "-"]
[White "Robert Bruce"]
[Black "Matthew Bailey"]
[Result "1/2-1/2"]
[WhiteCountry "SCO"]
[BlackCountry "ENG"]
[WhiteElo "2314"]
[WhiteRD "69"]
[BlackElo "2618"]
[BlackRD "74"]
[GameID "731060"]

1. e4 c6 2. d4 d5 3. Nc3 dxe4 4. Nxe4 Bf5 5. Nc5 e5 6. Nxb7 Qb6 7. Nc5 Bxc5 8. dxc5 Qxc5 9. c3 Nf6 10. Be3 Qe7
11. Bd3 e4 12. Bc2 O-O 13. Ne2 Rd8 14. Qc1 c5 15. O-O h6 16. Ng3 Bg6 17. f4 exf3 18. Rxf3 Nbd7 19. Nf5 Qe6 20. Bxh6 Ne5
21. Rf2 gxh6 22. Qxh6 Nh5 23. Qg5 Rd7 24. Raf1 f6 25. Qe3 Rh7 26. Nh6+ Kg7 27. Bxg6 Kxg6 28. Qe4+ Kxh6 29. Qxa8 Ng4 30. Rf3 Qe5
31. Rh3 Nxh2=
1/2-1/2

[Event "Randy "Beauregard"Bahr memorial tourname"]
[Site "SchemingMind.com"]
[Date "2023.02.07"]
[Round "-"]
[White "Matthew Bailey"]
[Black "Robert Bruce"]
[Result "1-0"]
[WhiteCountry "ENG"]
[BlackCountry "SCO"]
[WhiteElo "2599"]
[WhiteRD "74"]
[BlackElo "2300"]
[BlackRD "67"]
[GameID "731061"]

1. e4 e5 2. Nf3 Nc6 3. Bc4 Nf6 4. d3 Be7 5. O-O O-O 6. Re1 d6 7. a4 Na5 8. Ba2 c5 9. c3 Qc7 10. Na3 Be6
11. Bxe6 fxe6 12. b4 cxb4 13. cxb4 Nc6 14. b5 Nd4 15. Nxd4 exd4 16. Bb2 e5 17. Nc4 Qd7 18. b6 a6 19. Rc1 Rac8 20. Nd2 h6
21. Rxc8 Rxc8 22. Ba3 Kh7 23. Nc4 Re8 24. a5 d5 25. Bxe7 Rxe7 26. exd5 Qxd5 27. f3 Nd7 28. h4 Nc5 29. Qc2 Re8 30. Rc1 Re6
31. Qd1 Rg6 32. Qe2 Nb3 33. Rb1 Nxa5 34. h5 Rg5 35. Nxa5 Qxa5 36. Qe4+ Kg8 37. g4 Qd2 38. Qxb7 Qxd3 39. Qd5+ Kh7 40. Qb3 Qe2
41. b7 d3 42. Qd5 e4 43. Qxe4+ Qxe4 44. fxe4 Rxg4+ 45. Kf2 Rf4+ 46. Ke3 Rh4 47. Kxd3 Rxh5 48. b8=Q
1-0

[Event "Randy "Beauregard"Bahr memorial tourname"]
[Site "SchemingMind.com"]
[Date "2023.02.07"]
[Round "-"]
[White "William Lindberg"]
[Black "Matthew Bailey"]
[Result "0-1"]
[WhiteCountry "USA"]
[BlackCountry "ENG"]
[WhiteElo "2373"]
[WhiteRD "65"]
[BlackElo "2618"]
[BlackRD "74"]
[GameID "731062"]

1. d4 d5 2. c4 e6 3. Nc3 Nf6 4. Bg5 Be7 5. Nf3 h6 6. e3 hxg5 7. Nxg5 c5 8. dxc5 Qa5 9. Qa4+ Qxa4 10. Nxa4 Bd7
11. Nc3 dxc4 12. Nf3 Bxc5 13. Bxc4 Nc6 14. O-O O-O-O 15. a3 Be7 16. Rac1 Kb8 17. Be2 Nd5 18. Rfd1 Nxc3 19. Rxc3 f5 20. b4 Bf6
21. Rcd3 Bc8 22. b5 Rxd3 23. Bxd3 Ne5 24. Nxe5 Bxe5 25. g3 Rd8 26. Kf1 g5 27. a4 g4 28. Be2 Rh8 29. Kg1 Bc7 30. Kg2 b6
31. Kg1 Bb7 32. Bc4 e5 33. Rd7 Rd8 34. Rxd8+ Bxd8 35. h3 gxh3 36. Kh2 Bf3 37. Kxh3 Kc7 38. Be6 Bg4+ 39. Kg2 e4 40. Bb3 Kd6
41. Kf1 Kc5 42. Kg2 Kb4 43. Be6 Kxa4 44. Bd7 Be2 45. Bxf5 Kxb5 46. Bxe4 a5 47. f4 a4 48. Bb1 Kc5 49. Kf2 Bc4 50. Ke1 b5
51. f5 b4 52. Kf2 b3 53. e4 a3
0-1

[Event "Randy "Beauregard"Bahr memorial tourname"]
[Site "SchemingMind.com"]
[Date "2023.02.07"]
[Round "-"]
[White "Matthew Bailey"]
[Black "William Lindberg"]
[Result "1-0"]
[WhiteCountry "ENG"]
[BlackCountry "USA"]
[WhiteElo "2618"]
[WhiteRD "74"]
[BlackElo "2373"]
[BlackRD "65"]
[GameID "731063"]

1. e4 e5 2. Nf3 Nc6 3. Bc4 Nf6 4. d3 Bc5 5. h3 O-O 6. Nc3 d6 7. Na4 Bb6 8. a3 h6 9. O-O Bd7 10. Re1 Qc8
11. Nxb6 axb6 12. d4 exd4 13. Nxd4 Ne5 14. Bf1 Re8 15. f3 Ng6 16. c4 Nh5 17. Be3 Ng3 18. Bd3 Qd8 19. Qd2 Ne5 20. Kh2 Nh5
21. Bf1 Be6 22. b3 Qh4 23. a4 Qg3+ 24. Kh1 Qg6 25. Bf2 Ng3+ 26. Bxg3 Qxg3 27. Nb5 Rac8 28. f4 Nc6 29. Nc3 Kh8 30. b4 Rf8
31. Rac1 Rfe8 32. Nd5 Nb8 33. Rc3 Qh4 34. Kh2 Nd7 35. g3 Qd8 36. Bg2 Nf8 37. Rd3 Ra8 38. Qc2 Qc8 39. Rd2 Kg8 40. Ra1 Ra6
41. Nc3 Ra8 42. Qb3 Bd7 43. Rd5 Be6 44. Rd2 Bd7 45. Nb5 Ng6 46. Rf1 Nf8 47. Qc2 Bc6 48. Nc3 Bd7 49. Rff2 Be6 50. f5 Bd7
51. f6 g6 52. Nd5 Qd8 53. e5 Rxe5 54. Ne7+ Kh7 55. Bxb7 Rxa4 56. Rfe2 Rxe2+ 57. Rxe2 Ra1 58. Qc3 Ra7 59. Bd5 Qe8 60. Qd2 Ne6
61. h4 h5 62. Nxg6 fxg6 63. Qe1 Qd8 64. Bxe6 c5 65. Bxd7 Qxf6 66. Re7+ Kh8 67. bxc5 Ra2+ 68. Re2 Rxe2+ 69. Qxe2 bxc5 70. Bc6 Kg7
71. Bd5 Qf8 72. Kg2 Kh7 73. Qe6 Qg7 74. Qxd6 Qb2+ 75. Kh3 Qf2 76. Qc7+ Kh6 77. Qf4+ Qxf4 78. gxf4 Kg7 79. Kg3 Kf6 80. Kf2 Kf5
81. Kf3 Kf6 82. Ke4 Ke7 83. Ke5 Kf8 84. Kf6 Ke8 85. Kxg6 Kd7 86. f5 Ke8 87. f6 Kf8 88. f7
1-0

[Event "Randy "Beauregard"Bahr memorial tourname"]
[Site "SchemingMind.com"]
[Date "2023.02.07"]
[Round "-"]
[White "Uzi Mike"]
[Black "The Chess Machine"]
[Result "1/2-1/2"]
[WhiteCountry "USA"]
[BlackCountry "ENG"]
[WhiteElo "2093"]
[WhiteRD "98"]
[BlackElo "2504"]
[BlackRD "81"]
[GameID "731065"]

1. Nf3 Nf6 2. d4 e6 3. e3 c5 4. Be2 b6 5. c4 cxd4 6. exd4 d5 7. Ne5 Bb4+ 8. Nc3 O-O 9. Bg5 Qc7 10. Bxf6 gxf6
11. Ng4 Nd7 12. O-O Bxc3 13. bxc3 f5 14. Ne3 dxc4 15. d5 f4 16. dxe6 fxe6 17. Nxc4 Bb7 18. Qd6 Qxd6 19. Nxd6 Bc6 20. Rfe1= Nc5
21. Rad1 f3 22. Bxf3 Bxf3 23. gxf3 Rxf3 24. Ne4 Nd3 25. Re3 Nxf2 26. Rd7 Rxe3 27. Nf6+ Kf8 28. Nxh7+ Ke8=
1/2-1/2

[Event "Randy "Beauregard"Bahr memorial tourname"]
[Site "SchemingMind.com"]
[Date "2023.02.06"]
[Round "-"]
[White "The Chess Machine"]
[Black "Uzi Mike"]
[Result "1-0"]
[WhiteCountry "ENG"]
[BlackCountry "USA"]
[WhiteElo "2505"]
[WhiteRD "77"]
[BlackElo "2089"]
[BlackRD "86"]
[GameID "731066"]

1. c4 e5 2. Nc3 Bb4 3. Nd5 a5 4. Nf3 d6 5. a3 Bc5 6. e3 c6 7. d4 cxd5 8. dxc5 Nf6 9. cxd6 Qxd6 10. b3 Be6
11. Bb2 Nc6 12. c5 Qc7 13. Bb5 Nd7 14. Ng5 O-O 15. Qc2 Nf6 16. Nxe6 fxe6 17. O-O e4 18. Be2 Qf7 19. Qd2 Nd7 20. Rac1 Nce5
21. Kh1 Qf5 22. b4 axb4 23. axb4 Rf7 24. f3 exf3 25. gxf3 Ra2 26. Qc3 Ng6 27. Qb3 Ra8 28. Rg1 Nde5 29. Rg3 Nh4 30. Qc3 Neg6
31. b5 Qf6 32. Qxf6 gxf6 33. Bd3 Kg7 34. f4 Ra2 35. Bd4 Rd2 36. Bb1 Rc7 37. Rf1 Re2 38. f5
1-0

[Event "Randy "Beauregard"Bahr memorial tourname"]
[Site "SchemingMind.com"]
[Date "2023.02.07"]
[Round "-"]
[White "Uzi Mike"]
[Black "Robert Bruce"]
[Result "1-0"]
[WhiteCountry "USA"]
[BlackCountry "SCO"]
[WhiteElo "2089"]
[WhiteRD "86"]
[BlackElo "2300"]
[BlackRD "67"]
[GameID "731067"]

1. d4 f5 2. g3 Nf6 3. c4 g6 4. Nf3 Bg7 5. Bg2 O-O 6. O-O e6 7. Nc3 d5 8. Bf4 c6 9. Qb3 Ne4 10. Rad1 Nd6
11. cxd5 cxd5 12. Bg5 Qe8 13. Bf4 Qd8 14. e3 Nc6 15. Nb5 Na5 16. Qd3 Bd7 17. Nxd6
1-0

[Event "Randy "Beauregard"Bahr memorial tourname"]
[Site "SchemingMind.com"]
[Date "2023.02.07"]
[Round "-"]
[White "Robert Bruce"]
[Black "Uzi Mike"]
[Result "1-0"]
[WhiteCountry "SCO"]
[BlackCountry "USA"]
[WhiteElo "2300"]
[WhiteRD "67"]
[BlackElo "2089"]
[BlackRD "86"]
[GameID "731068"]

1. e4 d5 2. exd5 Qxd5 3. Nc3 Qd6 4. d4 Nf6 5. Nf3 c6 6. Ne5 Nbd7 7. Nc4 Qc7 8. Qf3 Nb6 9. Bf4 Qd7 10. Nxb6 axb6
11. O-O-O Qd8 12. Qe3 Nd5 13. Nxd5 Qxd5 14. c4 Qa5 15. a3 b5 16. Bd6 Be6 17. Bb4 Qc7 18. cxb5 Qd7 19. bxc6 bxc6 20. h4 g6
21. d5 cxd5 22. Bc3 Qc6 23. Kb1 Rg8 24. Rc1 Qa4 25. Qc5 Rb8 26. Ka1 Bg7 27. Bxg7 Rxg7 28. Bd3 Kf8 29. g3 h5 30. Rhe1 Kg8
31. Bb1
1-0

[Event "Randy "Beauregard"Bahr memorial tourname"]
[Site "SchemingMind.com"]
[Date "2023.02.07"]
[Round "-"]
[White "Uzi Mike"]
[Black "William Lindberg"]
[Result "0-1"]
[WhiteCountry "USA"]
[BlackCountry "USA"]
[WhiteElo "2089"]
[WhiteRD "86"]
[BlackElo "2366"]
[BlackRD "65"]
[GameID "731069"]

1. c4 c5 2. Nf3 Nc6 3. e3 Nf6 4. Nc3 e5 5. d4 e4 6. Ne5 Be7 7. Be2 O-O 8. O-O d6 9. Nxc6 bxc6 10. dxc5 Qc7
11. Qc2 Bf5 12. cxd6 Bxd6 13. g3 Rfe8 14. b3 Bh3 15. Rd1 Be5 16. Ba3 Qa5 17. Bb2 h5 18. Bf1 Bg4 19. Ne2 h4 20. Rd2 Bxb2
21. Qxb2 Bf3 22. b4 Qg5 23. Rd6 Rac8 24. Qd4 Ng4 25. a4 Ne5 26. Nf4 Rcd8 27. c5 Rxd6 28. cxd6 Qf6 29. Rc1 Bg4 30. Bg2 g5
31. Bxe4 hxg3
0-1

[Event "Randy "Beauregard"Bahr memorial tourname"]
[Site "SchemingMind.com"]
[Date "2023.02.07"]
[Round "-"]
[White "William Lindberg"]
[Black "Uzi Mike"]
[Result "1-0"]
[WhiteCountry "USA"]
[BlackCountry "USA"]
[WhiteElo "2366"]
[WhiteRD "65"]
[BlackElo "2089"]
[BlackRD "86"]
[GameID "731070"]

1. e4 e5 2. Nf3 Nf6 3. Nxe5 d6 4. Nf3 Nxe4 5. d4 Be7 6. Bd3 f5 7. O-O Bf6 8. c4 O-O 9. Re1 c5 10. Nc3 Nxc3
11. bxc3 Nc6 12. Rb1 b6 13. Bc2 Rb8 14. h4 Rb7 15. Bf4 Re7 16. Qd3 cxd4 17. cxd4 Rfe8 18. Rxe7 Rxe7 19. d5 Na5 20. Ng5 g6
21. c5 bxc5 22. Ne6 Bxe6 23. dxe6 Kg7 24. Qa6 Qc7 25. h5
1-0

[Event "Randy "Beauregard"Bahr memorial tourname"]
[Site "SchemingMind.com"]
[Date "2023.02.06"]
[Round "-"]
[White "Uzi Mike"]
[Black "Matthew Bailey"]
[Result "0-1"]
[WhiteCountry "USA"]
[BlackCountry "ENG"]
[WhiteElo "2089"]
[WhiteRD "86"]
[BlackElo "2599"]
[BlackRD "74"]
[GameID "731071"]

1. g3 e5 2. c4 c6 3. Bg2 d5 4. cxd5 cxd5 5. d4 e4 6. Nc3 Bb4 7. Nh3 h6 8. O-O Nf6 9. f3 O-O 10. fxe4 dxe4
11. Nf2 Nc6 12. e3 Bxc3 13. bxc3 Bf5 14. Qc2 Re8 15. c4 Rc8 16. Bd2 b5 17. Kh1 bxc4 18. Qxc4 Ne5 19. Qb5 a6 20. Qb1 Nc4
21. Qe1 Qd7 22. Kg1 Nb2
0-1

[Event "Randy "Beauregard"Bahr memorial tourname"]
[Site "SchemingMind.com"]
[Date "2023.02.07"]
[Round "-"]
[White "Matthew Bailey"]
[Black "Uzi Mike"]
[Result "1-0"]
[WhiteCountry "ENG"]
[BlackCountry "USA"]
[WhiteElo "2599"]
[WhiteRD "74"]
[BlackElo "2089"]
[BlackRD "86"]
[GameID "731072"]

1. d4 Nf6 2. c4 c6 3. Nf3 d5 4. Nc3 e6 5. e3 Bb4 6. Qc2 O-O 7. a3 Bxc3+ 8. Qxc3 b6 9. Be2 dxc4 10. Bxc4 Bb7
11. O-O Nbd7 12. b4 a5 13. Bb2 Qe7 14. Qb3 Ra7 15. Nd2 Rfa8 16. b5 h6 17. Rac1 c5 18. Rfd1 Rc8 19. Bf1 Bd5 20. Qa4 Rac7
21. e4 Bb7 22. f3
1-0

[Event "Randy "Beauregard"Bahr memorial tourname"]
[Site "SchemingMind.com"]
[Date "2023.02.06"]
[Round "-"]
[White "Uzi Mike"]
[Black "palberto1963"]
[Result "0-1"]
[WhiteCountry "USA"]
[BlackCountry "ESP"]
[WhiteElo "2089"]
[WhiteRD "86"]
[BlackElo "2439"]
[BlackRD "100"]
[GameID "731082"]

1. c4 e5 2. Nc3 Nf6 3. Nf3 Nc6 4. e4 Bb4 5. Be2 Bxc3 6. dxc3 Nxe4 7. Nxe5 Nxe5 8. Qd4 d6 9. Qxe4 O-O 10. O-O Re8
11. Be3 Ng4 12. Qf4 Nxe3 13. fxe3 Qe7 14. Rf3 b6 15. Raf1 Rf8
0-1

[Event "Randy "Beauregard"Bahr memorial tourname"]
[Site "SchemingMind.com"]
[Date "2023.02.06"]
[Round "-"]
[White "The Chess Machine"]
[Black "palberto1963"]
[Result "1/2-1/2"]
[WhiteCountry "ENG"]
[BlackCountry "ESP"]
[WhiteElo "2496"]
[WhiteRD "78"]
[BlackElo "2156"]
[BlackRD "153"]
[GameID "731084"]

1. c4 e5 2. Nc3 Nf6 3. g3 Bb4 4. e4 d6 5. Bg2 Bg4 6. Nge2 Nc6 7. h3 Bxe2 8. Nxe2 a5 9. O-O Bc5 10. d3 Nd4
11. b3 Nxe2+ 12. Qxe2 Bd4 13. Rb1 Qe7 14. h4 Qe6 15. Kh2 Ng4+ 16. Kg1=
1/2-1/2

[Event "Randy "Beauregard"Bahr memorial tourname"]
[Site "SchemingMind.com"]
[Date "2023.02.07"]
[Round "-"]
[White "palberto1963"]
[Black "The Chess Machine"]
[Result "1/2-1/2"]
[WhiteCountry "ESP"]
[BlackCountry "ENG"]
[WhiteElo "2156"]
[WhiteRD "153"]
[BlackElo "2496"]
[BlackRD "78"]
[GameID "731085"]

1. d4 Nf6 2. c4 g6 3. Nc3 d5 4. cxd5 Nxd5 5. e4 Nxc3 6. bxc3 Bg7 7. Nf3 c5 8. Rb1 O-O 9. Be2 cxd4 10. cxd4 Qa5+
11. Bd2 Qxa2 12. O-O Bg4 13. Bg5 h6 14. Be3 Nc6 15. d5 Ne5 16. Rxb7 a5 17. Rxe7 a4 18. Bd4 Nxf3+ 19. Bxf3 Bxd4 20. Qxd4 Bxf3
21. gxf3 a3 22. e5 Qb2 23. Qxb2 axb2 24. Rb7 Rfb8 25. Rxb8+ Rxb8 26. Rb1 Kf8 27. f4 Ke7=
1/2-1/2

[Event "Randy "Beauregard"Bahr memorial tourname"]
[Site "SchemingMind.com"]
[Date "2023.02.07"]
[Round "-"]
[White "Robert Bruce"]
[Black "palberto1963"]
[Result "0-1"]
[WhiteCountry "SCO"]
[BlackCountry "ESP"]
[WhiteElo "2300"]
[WhiteRD "67"]
[BlackElo "2439"]
[BlackRD "100"]
[GameID "731086"]

1. f4 d5 2. Nf3 c5 3. e3 Nf6 4. b3 g6 5. Bb5+ Bd7 6. Qe2 Bg7 7. Bb2 O-O 8. Bxd7 Qxd7 9. O-O Nc6 10. Nc3 d4
11. Nd1 Rad8 12. Nf2 Nd5 13. Nd3 Ndb4 14. Nxc5 Qf5 15. c3 Qxc5 16. cxb4 Qxb4 17. Rab1 Rfe8 18. e4 d3 19. Qe3 Bxb2 20. Rxb2 Nd4
21. f5 gxf5 22. exf5 Nxf5 23. Qxa7 e5 24. Qf2 f6 25. Ng5 Qd4 26. Qxd4 Nxd4 27. Ne4 Kg7 28. g4 Ne2+ 29. Kh1 Re6 30. Kg2 Nf4+
31. Kf3 h5 32. gxh5 f5 33. Rg1+ Kh6 34. Ng3 Rf8 35. Rf1 Nd5 36. Kg2 Kg5 37. Ne4+ Kxh5 38. Nc5 Rg6+ 39. Kh1 Nf4 40. Nd7 Re8
41. Rbb1 Kg4 42. Rbc1 Ne2 43. Rc5 Rge6 44. Rb5 f4 45. Nc5 Rh6 46. Rf2 e4 47. Rxb7 Rh5 48. Rg7+ Kf5 49. b4 Kf6 50. Ra7 Rg8
51. Nxe4+ Kf5 52. Ng5 Rgxg5 53. Ra5+ Ke4
0-1

[Event "Randy "Beauregard"Bahr memorial tourname"]
[Site "SchemingMind.com"]
[Date "2023.02.07"]
[Round "-"]
[White "palberto1963"]
[Black "Robert Bruce"]
[Result "1-0"]
[WhiteCountry "ESP"]
[BlackCountry "SCO"]
[WhiteElo "2384"]
[WhiteRD "123"]
[BlackElo "2314"]
[BlackRD "69"]
[GameID "731087"]

1. d4 Nf6 2. c4 c5 3. d5 e6 4. Nc3 exd5 5. cxd5 d6 6. e4 g6 7. f4 Bg7 8. Bb5+ Nbd7 9. e5 dxe5 10. fxe5 Nh5
11. e6 Qh4+ 12. g3 Nxg3 13. hxg3 Qxh1 14. Be3 Bxc3+ 15. bxc3 a6 16. exd7+ Bxd7 17. Bf1 Qe4 18. Qd3 Qe7 19. d6 Qf6 20. Qe4+ Kf8
21. Bh6+ Kg8 22. Qf3 Re8+ 23. Kf2 Re6 24. Qxf6 Rxf6+ 25. Nf3 g5 26. Bxg5 Rxd6 27. Be7 Rb6 28. Rd1 Bc8 29. Bxc5 Rb2+ 30. Kg1 Kg7
31. Bd4+ f6 32. Re1 Rd8 33. Re7+ Kh6 34. Rf7 Rg8 35. Be3+ Kh5 36. Bf4 Kg4 37. Nd4 h5 38. Rh7 Rg5 39. Rc7 Bf5 40. Bc1 Rxa2
41. Bc4 Ra4 42. Bxg5 Rxc4 43. Rxc4
1-0